Países europeos - Escriba la primera letra - Estadísticas

Estadísticas generales
  • Esta prueba ha sido intentada 197 veces
  • La puntuación promedio es 34 de 45
Respuestas en el mapa
Las respuestas están codificadas por una escala verde-roja en el mapa de la prueba según el % correcto abajo.
 
Estadísticas de respuestas
País % Correcto
Alemania
81%
Bélgica
79%
Finlandia
79%
Lituania
79%
Ciudad del Vaticano
78%
Dinamarca
78%
Hungría
78%
Italia
78%
Letonia
78%
Ucrania
78%
Albania
77%
Eslovenia
77%
Macedonia del Norte
77%
Rusia
77%
Estonia
76%
Grecia
76%
Suiza
76%
Croacia
75%
España
75%
Irlanda
75%
Islandia
75%
Kosovo
75%
Malta
75%
Países Bajos
75%
Polonia
75%
San Marino
75%
Andorra
74%
Bielorrusia
74%
Bulgaria
74%
Francia
74%
Luxemburgo
74%
Noruega
74%
Portugal
74%
Reino Unido
74%
República Checa
74%
Suecia
74%
Bosnia y Herzegovina
73%
Rumania
73%
Serbia
73%
Eslovaquia
72%
Mónaco
72%
Liechtenstein
71%
Moldavia
71%
Austria
70%
Montenegro
70%
No se encontraron pruebas coincidentes
Distribución de puntuación
Porcentaje de gente con cada puntuación
Porcentaje por número respondido
Historial de tus puntuaciones
No has intentado esta prueba.